Dwight Yoakam - Discography - Statistics

General Stats
  • This quiz has been taken 3 times
  • The average score is 24 of 206
Answer Stats
Hint Answer % Correct
Hillbilly Deluxe (1987) 1,000 Miles
100%
Guitars, Cadillacs, Etc., Etc. (Reprise LP 1986) | Swimmin' Pools, Movie Stars (2016) Guitars, Cadillacs
100%
A Long Way Home (1998) A Long Way Home
67%
This Time (1993) Fast as You
67%
Gone (1995) | Swimmin' Pools, Movie Stars (2016) Gone (That'll Be Me)
67%
Buenas Noches from a Lonely Room (1988) Home of the Blues
67%
If There Was a Way (1990) If There Was a Way
67%
Buenas Noches from a Lonely Room (1988) I Got you
67%
Hillbilly Deluxe (1987) Little Ways
67%
Buenas Noches from a Lonely Room (1988) Streets of Bakersfield
67%
A Long Way Home (1998) Things Change
67%
This Time (1993) This Time
67%
Buenas Noches from a Lonely Room (1988) | Swimmin' Pools, Movie Stars (2016) What I Don't Know
67%
3 Pears (2012) 3 Pears
33%
This Time (1993) Ain't That Lonely Yet
33%
This Time (1993) A Thousand Miles from Nowhere
33%
Come On Christmas (1997) Away in a Manger
33%
Blame the Vain (2005) Blame the Vain
33%
Buenas Noches from a Lonely Room (1988) Buenas Noches from a Lonely Room (She Wore Red Dresses
33%
Come On Christmas (1997) Come On Christmas
33%
Buenas Noches from a Lonely Room (1988) Crazy Little Thing Called Love
33%
Dwight Sings Buck (2007) Crying Time
33%
Buenas Noches from a Lonely Room (1988) Floyd County
33%
Guitars, Cadillacs, Etc., Etc. (Reprise LP 1986) Heartaches by the Number
33%
Buenas Noches from a Lonely Room (1988) Hold on to God
33%
Swimmin' Pools, Movie Stars (2016) | This Time (1993) Home for Sale
33%
Guitars, Cadillacs, Etc., Etc. (Reprise LP 1986) Honky Tonk Man
33%
Buenas Noches from a Lonely Room (1988) I Hear You Knockin'
33%
Come On Christmas (1997) I'll Be Home for Christmas
33%
Buenas Noches from a Lonely Room (1988) I'll Go Back to Her
33%
Buenas Noches from a Lonely Room (1988) I Sang Dixie
33%
Hillbilly Deluxe (1987) Johnson's Love
33%
This Time (1993) King of Fools
33%
Hillbilly Deluxe (1987) Little Sister
33%
This Time (1993) Lonesome Roads
33%
Gone (1995) Nothing
33%
Buenas Noches from a Lonely Room (1988) One More Name
33%
This Time (1993) Pocket of a Clown
33%
Population Me (2003) Population Me
33%
Second Hand Heart (2015) She
33%
Come On Christmas (1997) Silent Night
33%
If There Was a Way (1990) The Heart That You Own
33%
This Time (1993) Try Not to Look so Pretty
33%
If There Was a Way (1990) Turn It On, Turn It Up, Turn Me Loose
33%
Swimmin' Pools, Movie Stars (2016) | This Time (1993) Two Doors Down
33%
Tomorrow's Sounds Today (2000) What Do You Know About Love
33%
This Time (1993) Wild Ride
33%
If There Was a Way (1990) You're the One
33%
Dwight Sings Buck (2007) Above and Beyond
0%
Dwight Sings Buck (2007) Act Naturally
0%
3 Pears (2012) A Heart Like Mine
0%
3 Pears (2012) A Long way to Go
0%
Tomorrow's Sounds Today (2000) Alright, I'm Wrong
0%
Hillbilly Deluxe (1987) Always Late with Your Kisses
0%
Population Me (2003) An Exception to the Rule
0%
Tomorrow's Sounds Today (2000) A Place to Cry
0%
Tomorrow's Sounds Today (2000) A Promise You Can't Keep
0%
Tomorrow's Sounds Today (2000) A World of Blue
0%
Under the Covers (1997) Baby Don't Go
0%
Gone (1995) Baby Why Not
0%
Second Hand Heart (2015) Believe
0%
Guitars, Cadillacs, Etc., Etc. (Reprise LP 1986) Bury Me
0%
Under the Covers (1997) Claudette
0%
Dwight Sings Buck (2007) Close up the Honky Tonks
0%
If There Was a Way (1990) Dangerous Man
0%
3 Pears (2012) Dim Lights, Thick Smoke
0%
Guitars, Cadillacs, Etc., Etc. (EP 1984) It Wont Hurt
0%
Blame the Vain (2005) Does It Show
0%
Gone (1995) Don't Be Sad
0%
Dwight Sings Buck (2007) Down on the Corner of Love
0%
Second Hand Heart (2015) | Tomorrow's Sounds Today (2000) Dreams of Clay
0%
Dwight Sings Buck (2007) Excuse Me (I Think I've Got a Heartache)
0%
South of Heaven, West of Hell (2001) Existence
0%
Population Me (2003) Fair to Midland
0%
Dwight Sings Buck (2007) Foolin' Around
0%
Tomorrow's Sounds Today (2000) For Love's Sake
0%
Swimmin' Pools, Movie Stars (2016) | Tomorrow's Sounds Today (2000) Free to Go
0%
South of Heaven, West of Hell (2001) Good Afternoon
0%
Under the Covers (1997) Good Time Charlie's Got the Blues
0%
Gone (1995) Heart of Stone
0%
Come On Christmas (1997) Here Comes Santa Claus
0%
Under the Covers (1997) Here Comes the Night
0%
Population Me (2003) I'd Avoid Me Too
0%
Dwight Sings Buck (2007) I Don't Care (Just as Long as You Love Me)
0%
If There Was a Way (1990) I Don't Need it Done
0%
Population Me (2003) If Teardrops Were Diamonds
0%
Guitars, Cadillacs, Etc., Etc. (EP 1984) | Guitars, Cadillacs, Etc., Etc. (Reprise LP 1986) I'll Be Gone
0%
A Long Way Home (1998) I'll Just Take These
0%
Blame the Vain (2005) I'll Pretend
0%
Second Hand Heart (2015) In Another World
0%
Blame the Vain (2005) International Heartache
0%
If There Was a Way (1990) It Only Hurts When I Cry
0%
3 Pears (2012) It's Never Alright
0%
Guitars, Cadillacs, Etc., Etc. (Reprise LP 1986) It Wont Hurt
0%
Blame the Vain (2005) I Wanna Love Again
0%
Tomorrow's Sounds Today (2000) I Want You to Want Me
0%
Tomorrow's Sounds Today (2000) I Was There
0%
A Long Way Home (1998) I Wouldn't put it Past Me
0%
Swimmin' Pools, Movie Stars (2016) I Wouldn't Put it Past Me
0%
Blame the Vain (2005) Just Passin' Time
0%
If There Was a Way (1990) Let's Work Together
0%
Second Hand Heart (2015) Liar
0%
A Long Way Home (1998) | Swimmin' Pools, Movie Stars (2016) Listen
0%
Tomorrow's Sounds Today (2000) Love Caught up to Me
0%
Dwight Sings Buck (2007) Love's Gonna Live Here
0%
Blame the Vain (2005) Lucky That Way
0%
Second Hand Heart (2015) Man of Constant Sorrow
0%
A Long Way Home (1998) Maybe You Like It, Maybe You Don't
0%
Guitars, Cadillacs, Etc., Etc. (EP 1984) | Guitars, Cadillacs, Etc., Etc. (Reprise LP 1986) Miner's Prayer
0%
3 Pears (2012) Missing Heart
0%
Dwight Sings Buck (2007) My Heart Skips a Beat
0%
Gone (1995) Near you
0%
Gone (1995) Never Hold You
0%
South of Heaven, West of Hell (2001) No Future in Sight
0%
Under the Covers (1997) North to Alaska
0%
Population Me (2003) No Such Thing
0%
3 Pears (2012) Nothing but Love
0%
Second Hand Heart (2015) deluxe Nothing But Love
0%
If There Was a Way (1990) Nothing's Changed here
0%
Second Hand Heart (2015) Off Your Mind
0%
Gone (1995) One More Night
0%
A Long Way Home (1998) Only Want You More
0%
Dwight Sings Buck (2007) Only You (Can Break my Heart)
0%
Under the Covers (1997) Playboy
0%
Hillbilly Deluxe (1987) | Swimmin' Pools, Movie Stars (2016) Please, Please Baby
0%
Swimmin' Pools, Movie Stars (2016) Purple Rain
0%
Hillbilly Deluxe (1987) Readin', Rightin', Rt. 23
0%
Guitars, Cadillacs, Etc., Etc. (EP 1984) | Guitars, Cadillacs, Etc., Etc. (Reprise LP 1986) Ring of Fire
0%
3 Pears (2012) Rock it all Away
0%
Come On Christmas (1997) Run Run Rudolph
0%
If There Was a Way (1990) Sad Sad Music
0%
Swimmin' Pools, Movie Stars (2016) Sad, Sad Music
0%
A Long Way Home (1998) Same Fool
0%
Come On Christmas (1997) Santa Can't Stay
0%
Come On Christmas (1997) Santa Claus is Back in Town
0%
Second Hand Heart (2015) Second Hand Heart
0%
If There Was a Way (1990) Send a Message to my Heart
0%
Buenas Noches from a Lonely Room (1988) Send Me the Pillow
0%
Blame the Vain (2005) She'll Remember
0%
South of Heaven, West of Hell (2001) Show 'Em Your Badge
0%
Come On Christmas (1997) Silver Bells
0%
If There Was a Way (1990) Since I Started Drinkin' Again
0%
Hillbilly Deluxe (1987) Smoke Along the Track
0%
South of Heaven, West of Hell (2001) Somewhere
0%
Gone (1995) Sorry You Asked?
0%
Guitars, Cadillacs, Etc., Etc. (EP 1984) | Guitars, Cadillacs, Etc., Etc. (Reprise LP 1986) South of Cincinnati
0%
Population Me (2003) Stayin' Up Late
0%
3 Pears (2012) Take Hold of My Hand
0%
If There Was a Way (1990) Takes a Lot to Rock You
0%
South of Heaven, West of Hell (2001) Tears for Two
0%
Under the Covers (1997) T For Texas
0%
A Long Way Home (1998) That's Okay
0%
Population Me (2003) The Back of Your Hand
0%
Second Hand Heart (2015) The Big Time
0%
Come On Christmas (1997) The Christmas Song
0%
A Long Way Home (1998) The Curse
0%
If There Was a Way (1990) The Distance Between You and Me
0%
South of Heaven, West of Hell (2001) The First Thing Smokin'
0%
Tomorrow's Sounds Today (2000) The Heartaches are Free
0%
Blame the Vain (2005) The Last Heart in Line
0%
South of Heaven, West of Hell (2001) The Last Surrender
0%
Under the Covers (1997) The Last Time
0%
Population Me (2003) The Late Great Golden State
0%
Tomorrow's Sounds Today (2000) The Sad Side of Town
0%
A Long Way Home (1998) | Swimmin' Pools, Movie Stars (2016) These Arms
0%
Under the Covers (1997) Things We Said Today
0%
Buenas Noches from a Lonely Room (1988) Thinking About Leaving
0%
Dwight Sings Buck (2007) Think of Me
0%
Hillbilly Deluxe (1987) This Drinkin' Will Kill Me
0%
Gone (1995) This Much I Know
0%
Blame the Vain (2005) Three Good Reasons
0%
Hillbilly Deluxe (1987) Throughout All Time
0%
Tomorrow's Sounds Today (2000) Time Spent Missing You
0%
Under the Covers (1997) Tired of Waiting for You
0%
Dwight Sings Buck (2007) Together Again
0%
Under the Covers (1997) Train in Vain
0%
Population Me (2003) Trains and Boats and Planes
0%
A Long Way Home (1998) Traveler's Lantern
0%
3 Pears (2012) Trying
0%
Guitars, Cadillacs, Etc., Etc. (EP 1984) | Guitars, Cadillacs, Etc., Etc. (Reprise LP 1986) Twenty Years
0%
Dwight Sings Buck (2007) Under Your Spell Again
0%
Second Hand Heart (2015) V's of Birds
0%
Blame the Vain (2005) Watch Out
0%
3 Pears (2012) Waterfall
0%
South of Heaven, West of Hell (2001) What's Left of Me
0%
Blame the Vain (2005) When I First Came Here
0%
Second Hand Heart (2015) deluxe Who'll Stop the Rain
0%
Under the Covers (1997) Wichita Lineman
0%
South of Heaven, West of Hell (2001) Words
0%
A Long Way Home (1998) Yet to Succeed
0%
Dwight Sings Buck (2007) Your Tender Loving Care
0%
No matching quizzes found
Score Distribution
Percent of People with Each Score
Percentile by Number Answered
Your Score History
You have not taken this quiz